000 00999nam a2200265Ia 4500
003 OSt
005 20221005104819.0
006 a|||||r|||| 00| 0
007 ta
008 221004b |||||||| |||| 00| 0 san d
020 _a9789385144356 (hbk)
_cINR 450.00
024 _a29634
037 _b288, 07/03/2017, Eastern Book Linkers
_cTextual
040 _aCRL
_cCRL
_bsan
041 _2san
_asan
082 _aNA44,2:3(Delta:864), 152Q7
100 _aसुनीता, ले.
245 0 _aवास्तुशास्त्र में शल्य विमर्श
246 _aVāstushāstra mean shalya vimarsha
260 _aदिल्ली
_bशिवालिक प्रकाशन भारत
_c2017
300 _a129पृ0
_ccm.
650 _aवास्तुशास्त्र
942 _hNA44,2:3(Delta:864), 152Q7
_cTEXL
_2cc
999 _c1013878
_d1013878